Jarmain v SoS Environment (Record no. 64458)

MARC details
000 -LEADER
fixed length control field 00732cam a2200181 4500
001 - CONTROL NUMBER
control field X107911
008 - FIXED-LENGTH DATA ELEMENTS--GENERAL INFORMATION
fixed length control field 000000n2000 000 0 eng u
035 ## - SYSTEM CONTROL NUMBER
System control number (Sirsi) u107911
245 ## - TITLE STATEMENT
Title Jarmain v SoS Environment
260 ## - PUBLICATION, DISTRIBUTION, ETC.
Date of publication, distribution, etc. 2000
490 ## - SERIES STATEMENT
Series statement New Property Cases
Volume/sequential designation [2000] NPC 44(16/04/2000)
520 ## - SUMMARY, ETC.
Summary, etc. CA 12 April 2000. A 'purposive' construction of s171b of the T&CP Act 1990 adopted to prevent an appellant from claiming that his dwelling was entitled to a certificate of lawful use. HEADNOTE FROM JOURNAL - NOT TO BE PHOTOCOPIED.
650 ## - SUBJECT ADDED ENTRY--TOPICAL TERM
Topical term or geographic name entry element JARMAIN V SOS ENVIRONMENT
650 ## - SUBJECT ADDED ENTRY--TOPICAL TERM
Topical term or geographic name entry element TOWN AND COUNTRY PLANNING ACT 1990
650 ## - SUBJECT ADDED ENTRY--TOPICAL TERM
Topical term or geographic name entry element CERTIFICATE OF LAWFUL USE
690 ## - LOCAL SUBJECT ADDED ENTRY--TOPICAL TERM (OCLC, RLIN)
Topical term or geographic name as entry element Planning and development
9 (RLIN) 6259
942 ## - ADDED ENTRY ELEMENTS (KOHA)
Suppress in OPAC 0
Holdings
Withdrawn status Lost status Source of classification or shelving scheme Damaged status Not for loan Home library Current library Shelving location Date acquired Total Checkouts Full call number Barcode Date last seen Copy number Price effective from Koha item type
    Dewey Decimal Classification     London London Journal article 21/08/2000   X107911 107911-1001 06/08/2019 1 06/08/2019 Law report